|
|
|
|
| LEADER |
01349nam a2200409 4500 |
| 001 |
DLU030022870 |
| 005 |
##19941222150335.0 |
| 008 |
##930616s1992 enka b 001 0 eng d |
| 010 |
# |
# |
|a 93167445
|
| 020 |
# |
# |
|a 0194328155
|
| 035 |
# |
# |
|9 (DLC) 93167445
|
| 035 |
# |
# |
|a (OCoLC)26547378
|
| 040 |
# |
# |
|a Uk
|c Uk
|d NAlUHL
|d CoGrU
|d DLC
|
| 042 |
# |
# |
|a lccopycat
|
| 043 |
# |
# |
|a n-us---
|
| 050 |
# |
# |
|a PE1137
|b .A94 1992
|
| 082 |
# |
# |
|a 421.54
|b AV-P
|
| 100 |
# |
# |
|a Avery, Peter.
|
| 245 |
# |
# |
|a Teaching American English pronunciation /
|c Peter Avery and Susan Ehrlich.
|
| 260 |
# |
# |
|a Oxford [England] ;
|a New York :
|b Oxford University Press,
|c 1992.
|
| 300 |
# |
# |
|a xvi, 254 p. :
|b ill. ;
|c 25 cm.
|
| 440 |
# |
# |
|a Oxford handbooks for language teachers
|
| 504 |
# |
# |
|a Includes bibliographical references (p. [241]-249) and index.
|
| 650 |
# |
# |
|a English language
|x Pronunciation by foreign speakers.
|
| 650 |
# |
# |
|a English language
|x Pronunciation
|x Study and teaching.
|
| 650 |
# |
# |
|a English language
|x Study and teaching
|x Foreign speakers.
|
| 650 |
# |
# |
|a English language
|z United States
|x Pronunciation.
|
| 700 |
# |
# |
|a Ehrlich, Susan
|q (Susan Lynn)
|
| 992 |
# |
# |
|a 17.95
|
| 994 |
# |
# |
|a DLU
|
| 900 |
# |
# |
|a True
|
| 911 |
# |
# |
|a Thái Thị Thanh Thủy
|
| 925 |
# |
# |
|a G
|
| 926 |
# |
# |
|a A
|
| 927 |
# |
# |
|a SH
|
| 980 |
# |
# |
|a Thư viện Trường Đại học Đà Lạt
|